| 000 | 00749nam a2200193 i 4500 | ||
|---|---|---|---|
| 001 | 180555 | ||
| 003 | ES-MaACL | ||
| 005 | 20230906221129.0 | ||
| 008 | 120613s1974 sp |||| | spa d | ||
| 080 | _a521.3(043.2) | ||
| 100 | 1 |
_aSimó, Carles. _9150519 |
|
| 245 | 1 | 3 |
_aLa variedad de las órbitas Keplerianas y la teoría general de perturbaciones / _cpor Carlos Simó Torres. |
| 260 |
_aBarcelona : _bUniversidad de Barcelona, Secretariado de Publicaciones, Intercambio Científico y Extensión Universitaria, _c1974. |
||
| 300 |
_a18 p., 1 h. ; _c24 cm. |
||
| 502 | _aResumen de tesis--Universidad Barcelona (Extracto) | ||
| 650 | 4 |
_aElectrotecnia. _912169 |
|
| 710 | 2 |
_aUniversidad de Barcelona. _97141 |
|
| 852 |
_aES-MaACL _jE-15362(126) |
||
| 999 |
_c180555 _d180555 |
||